"Europa, sueño y verdad" : (Record no. 192029)

MARC details
000 -LEADER
campo de control de longitud fija 01049nam a2200241 i 4500
001 - NÚMERO DE CONTROL
campo de control 192029
003 - IDENTIFICADOR DE NÚMERO DE CONTROL
campo de control ES-MaACL
005 - FECHA Y HORA DE LA ÚLTIMA TRANSACCIÓN
campo de control 20250808023030.0
008 - DATOS DE LONGITUD FIJA--INFORMACIÓN GENERAL
campo de control de longitud fija 221102 2008 xx 0 0 eng d
040 ## - FUENTE DE CATALOGACIÓN
Centro/agencia transcriptor ES-MaACL
080 ## - NÚMERO DE LA CLASIFICACIÓN DECIMAL UNIVERSAL
Número de la Clasificación Decimal Universal 1 Zambrano, María (063)
111 2# - ENTRADA PRINCIPAL--NOMBRE DE CONGRESO/REUNIÓN
Nombre de congreso/reunión o jurisdicción como elemento de entrada Congreso Internacional sobre la Vida y Obra de María Zambrano
Fecha del congreso o de la firma del tratado (2008.
Sede del congreso/Lugar de la reunión Vélez-Málaga)
9 (RLIN) 235041
245 11 - MENCIÓN DEL TÍTULO
Título "Europa, sueño y verdad" :
Resto del título V Congreso Internacional sobre la Vida y Obra de María Zambrano [celebrado en Vélez-Málaga del 22 al 25 de abril de 2008]
260 ## - PUBLICACIÓN, DISTRIBUCIÓN, ETC.
Lugar de publicación, distribución, etc. Vélez-Málaga :
Nombre del editor, distribuidor, etc. Fundación María Zambrano,
Fecha de publicación, distribución, etc. 2009.
300 ## - DESCRIPCIÓN FÍSICA
Extensión 299 páginas ;
Dimensiones 30 cm.
490 0# - MENCIÓN DE SERIE
Mención de serie Antígona : revista de la Fundación María Zambrano ;
Designación de volumen o secuencia 2009 ;
-- 4
Número Internacional Normalizado para Publicaciones Seriadas 1887-6862
600 17 - PUNTO DE ACCESO ADICIONAL DE MATERIA--NOMBRE DE PERSONA
Nombre de persona Zambrano, María, 1904-1991-
Subdivisión de forma Congresos y asambleas
9 (RLIN) 157934
710 2# - ENTRADA AGREGADA--NOMBRE DE ENTIDAD CORPORATIVA
Nombre de entidad corporativa o nombre de jurisdicción como elemento de entrada Fundación María Zambrano
9 (RLIN) 138788
Término indicativo de función/relación Editor
852 ## - LOCALIZACIÓN
Ubicación ES-MaACL
Número de control de estantería N-8188
Ubicación en estantería Depósito J
Donativo/Legado Donación: Editorial
itemnumber 201200
942 ## - ELEMENTOS DE ENTRADA SECUNDARIOS (KOHA)
Tipo de ítem Koha Libro impreso
Suprimir en OPAC No
Holdings
Estatus retirado Estado de pérdida Fuente del sistema de clasificación o colocación Estado de daño No para préstamo Biblioteca de origen Biblioteca actual Ubicación en estantería Fecha de adquisición Fuente de adquisición Total de préstamos Signatura topográfica completa Código de barras Visto por última vez Tipo de ítem Koha
    Clasificación decimal universal     Biblioteca del Ateneo de Madrid Biblioteca del Ateneo de Madrid Depósito J 02/11/2022 Donación   N-8188 101206661 23/02/2023 Libro impreso